Έλληνες λυρικοί : από τον Σολωμό έως σήμερα και τρία δοκίμια (τι είναι η ποίηση - Ησίοδος - Σαπφώ)
Αποθηκεύτηκε σε:
| Κύριος συγγραφέας: | |
|---|---|
| Μορφή: | Βιβλίο |
| Γλώσσα: | Greek |
| Δημοσίευση: |
Αθήνα :
[χ.ό.],
1953
|
| Θέματα: | |
| Ετικέτες: |
Προσθήκη ετικέτας
Δεν υπάρχουν, Καταχωρήστε ετικέτα πρώτοι!
|
MARC
| LEADER | 00000cam a2200000 i 4500 | ||
|---|---|---|---|
| 001 | 1/50890 | ||
| 008 | 980807s1953 gre d | ||
| 035 | |l 10043994 | ||
| 040 | |a GR-MY-UA |b gre |e aacr | ||
| 041 | 0 | |a gre | |
| 082 | 0 | |a 889.1092 |2 (22) | |
| 100 | 1 | |a Παράσχος, Κλέων, |d 1894-1964. | |
| 245 | 1 | 0 | |a Έλληνες λυρικοί : |b από τον Σολωμό έως σήμερα και τρία δοκίμια (τι είναι η ποίηση - Ησίοδος - Σαπφώ) / |c Κλέωνος Β. Παράσχου |
| 260 | |a Αθήνα : |b [χ.ό.], |c 1953 | ||
| 300 | |a 262 σ.; |c 22 εκ. | ||
| 500 | |a Περιέχει τρία δοκίμια (Τι είναι ποίηση - Ησίοδος - Σαπφώ) | ||
| 650 | 0 | 0 | |a Greek poetry |x History and criticism. |
| 650 | 0 | 0 | |a Poets, Greek |x History and criticism. |
| 852 | |a INST |b RHODES |c AKA |e 20081212 |h 889.1092 ΠΑΡ |p 005400030643 |q 005400030643 |t BK |y 4 |x 20191218 | ||
| 852 | |a INST |b SAMOS |e 19980807 |h 889.1092 ΠΑΡ |p 005300010564 |q 005300010564 |t BK |y 0 | ||
| 901 | |a BIBL-1998-2 | ||
| 901 | |a BIBL4-2008-3 | ||
| 909 | |a Σ |b 057658 | ||
| 909 | |a Ρ |b 153087 | ||
| 922 | |a 3ΕΛΗ |b 199709 |c ΔΩΡ |d ΠΑΡΙΑΝΟΣ | ||